| 000 | 02141cam a2200481 a 4500 | ||
|---|---|---|---|
| 999 |
_c129631 _d129631 |
||
| 001 | 14246860 | ||
| 003 | ARRUPE | ||
| 005 | 20190522101826.0 | ||
| 008 | 060130s2005 quca b 001 0 eng | ||
| 010 | _a 2006365606 | ||
| 015 |
_aGBA516044 _2bnb |
||
| 016 | _a2004904804X | ||
| 016 | 7 |
_a013118639 _2Uk |
|
| 020 | _a0773528423 | ||
| 035 | _a(OCoLC)ocm56319526 | ||
| 040 |
_aNLC _beng _cNLC _dUKM _dC#P _dOCLCQ _dOCL _dBAKER _dVVC _dNDD _dNBU _dDLC |
||
| 042 | _alccopycat | ||
| 043 | _af-rh--- | ||
| 050 | 0 | 0 |
_aHD1333.Z55 _bG64 2005 |
| 055 | 0 | 2 | _aHD1333* |
| 055 | 3 |
_aHD1333 Z55 _bG63 2005 |
|
| 055 | 0 | 0 |
_aHD1333 Z55 _bG63 2005 |
| 082 | 0 | 4 |
_a333.3/16891 _222 |
| 100 | 1 |
_aGoebel, Allison. _946475 |
|
| 245 | 1 | 0 |
_aGender and land reform : _bthe Zimbabwe experience / _cAllison Goebel. |
| 260 |
_aMontreal : _bMcGill-Queen's University Press, _cc2005. |
||
| 300 |
_ax, 178 p. : _bill. ; _c24 cm. |
||
| 504 | _aIncludes bibliographical references (p. [159]-174) and index. | ||
| 505 | 0 | _aDeparture points -- Gendering African land -- Marriage and land -- Married women, the state, and family dynamics -- Women without men -- Local institutions, land, and environment -- Gender relations in resettlement -- Conclusions. | |
| 650 | 0 |
_aLand reform _zZimbabwe. _911113 |
|
| 650 | 0 |
_aWomen's rights _zZimbabwe. _946476 |
|
| 650 | 0 |
_aWomen in agriculture _zZimbabwe _xSocial conditions. _946477 |
|
| 650 | 0 |
_aLand settlement _xGovernment policy _zZimbabwe. _927803 |
|
| 650 | 6 |
_aRéforme agraire _zZimbabwe. _946478 |
|
| 650 | 6 |
_aFemmes _xDroits _zZimbabwe. _946479 |
|
| 650 | 6 |
_aFemmes en agriculture _zZimbabwe _xConditions sociales. _946480 |
|
| 650 | 6 |
_aColonisation intérieure _xPolitique gouvernementale _zZimbabwe. _946481 |
|
| 856 | 4 | 1 |
_3Table of contents _uhttp://www.loc.gov/catdir/toc/fy0604/2006365606.html |
| 856 | 4 | 2 |
_3Contributor biographical information _uhttp://www.loc.gov/catdir/enhancements/fy1002/2006365606-b.html |
| 906 |
_a7 _bcbc _ccopycat _d2 _encip _f20 _gy-gencatlg |
||
| 942 |
_2lcc _cMONOGRAPH |
||